00509nam a2200169 a 4500001001000000003000900010005001700019007000300036008004100039040002500080082001600105100003200121245006500153260007100218300002700289500002300316000032246DO-SdBNP20220726125842.0ta110713s1943 dr a 000 0 spa d aDO-SdBNPbspacBNPHU axxxxbM676c aMiró, Baltasard1914-194710aCirculos de arena y de humo . :brelatos /cBaltasar Miró  aCiudad Trujillo, República Dominicana :bEdiciones Agora,c1943. a58 p. :bil. ;c23 cm. aGravados de Alloza